000 00644nam a2200193Ia 4500
003 IN-BaIIA
008 211028s9999 xx 000 0 eng d
020 _a0-89490-066-8
040 _cIIA Library
080 _a524.3(035)
_bJON-5
245 0 _aWebb society deep-sky observer's handbook
_cedited by Kenneth Glyn Jones
260 _aHillside
_bEnslow Publishers
_c1982
300 _axiv, 241p.
650 _aAstronomy and Astrophysics Thesaurus
650 _aHandbooks-Extragalatic System
_912628
650 _aHandbooks-Sky Observations
_912629
700 _aJones, Kenneth Glyn, ed.
_912455
942 _cBK
999 _c7367
_d7367